000 00381nam a2200157Ia 4500
008 231217s9999 xx 000 0 und d
041 _aEnglish
082 _a620.8 SIN;2 R1
100 _aSingh, B D
245 0 _aBiotechnology
260 _c1998
_bLudhiana : Kalyani Publishers,
300 _axxxiv+576
500 _a2012 Missing
650 _aBiotechnology
942 _cAA
999 _c169308
_d169308